| 000 | 00640cab a22001935a 4500 | ||
|---|---|---|---|
| 001 | L156402 | ||
| 008 | 120517s2012 xxk 000 0 eng d | ||
| 035 | _a(Sirsi) u156402 | ||
| 041 | 0 | _aeng | |
| 100 | 1 | _aCoburn, Mark | |
| 245 | 0 | 0 | _aCompletion - not just a tick in the box |
| 260 | _c2012 | ||
| 490 |
_aProject Control Professional _v50(3) May 2012, 8-9(2) |
||
| 520 | _aDiscusses completion, frequently a subject for disagreement in construction and engineering projects, and looks at how NEC and FIDIC forms of contract manage completion. | ||
| 590 | _aKA | ||
| 651 | 4 | _aInternational | |
| 690 |
_aContracts _96232 |
||
| 942 | _n0 | ||
| 999 |
_c83995 _d83995 |
||